000
00289nam a2200121Ia 4500
008
190802s9999 xx 000 0 und d
020
_a
978-1-84872-473-0
100
_a
Joseph J.Pear
245
4
_a
The Science of Learning
260
_a
USA
_b
Pearson
_c
2016
300
_a
503:P
942
_c
BK
999
_c
2375
_d
2375